000 01228nam a2200217Ia 4500
999 _c36385
_d36385
001 2299
003 GE_BSU
005 20190530153955.0
008 181216s2011||||ge |||||||||||||| ||geo||
040 _cGE_BSU
041 _ageo
080 _a930.25(479.223)(051) ა–86
245 _a არხეიონი = Archeion II :
_bაჭარის ავტონომიური რესპუბლიკის მთავრობის საქვეუწყებო დაწესებულება–საარქივო სამმართველო /
_cრედაქტორი თამაზ ფუტკარაძე.
264 _aბათუმი :
_bუნივერსალი,
_c 2011
300 _a141 გვ.;
_b26 სმ.
653 _aარხეიონი
653 _aისტორია
700 _aფუტკარაძე, თამაზ
_eრედაქტორი
_956
710 _aაჭარის ავტონომიური რესპუბლიკის მთავრობის საქვეუწყებო დაწესებულება-საარქივო სამმართველო
_957
942 _cBK
_2udc